¿ Qué pensamos los peruanos y las personas sobre la descentralización: resultados de una encuesta de opinión? . Encuesta /

Guardado en:
Bibliografiske detaljer
Autores Corporativos: Instituto de Estudios Peruanos, IEP
Format: Texto
Udgivet: Lima: IEP
Fag:
Tags: Tilføj Tag
Ingen Tags, Vær først til at tagge denne postø!

MARC

LEADER 00000 a a2200000 04500
001 27752
003
040
090 |a 186100  
110 |a Instituto de Estudios Peruanos  
245 |a ¿ Qué pensamos los peruanos y las personas sobre la descentralización: resultados de una encuesta de opinión? . Encuesta /  |c Instituto de Estudios Peruanos  
260 |a Lima:   |b IEP  
300 |a 108 p   |b **no definido**   |b fonodiscos  
650 |a ENCUESTAS DE OPINION PUBLICA  
650 |a DESCENTRALIZACION  
650 |a DELEGACION DE LA TOMA DE DECISIONES  
650 |a CUADROS ESTADISTICOS  
650 |a GRAFICOS  
710 |a IEP  
999 |c 11434  |d 11434